Texto del mensaje sobre el estado de la Unión dirigida al Congreso de los Estados Unidos / (Record no. 86025)

MARC details
000 -LEADER
campo de control de longitud fija 00591nam a2200169 i 4500
001 - NÚMERO DE CONTROL
campo de control 86025
003 - IDENTIFICADOR DE NÚMERO DE CONTROL
campo de control ES-MaACL
005 - FECHA Y HORA DE LA ÚLTIMA TRANSACCIÓN
campo de control 20250208063123.0
007 - CAMPO FIJO DE DESCRIPCIÓN FÍSICA--INFORMACIÓN GENERAL
campo de control de longitud fija t|
008 - DATOS DE LONGITUD FIJA--INFORMACIÓN GENERAL
campo de control de longitud fija 041207s1962 sp ||||1| spa d
100 0# - ENTRADA PRINCIPAL--NOMBRE DE PERSONA
Nombre de persona Kennedy, John F.,
Fechas asociadas al nombre 1917-1963
9 (RLIN) 239598
245 10 - MENCIÓN DEL TÍTULO
Título Texto del mensaje sobre el estado de la Unión dirigida al Congreso de los Estados Unidos /
Mención de responsabilidad, etc. por el presidente, John F. Kennedy el 11 de enero de 1962.
260 ## - PUBLICACIÓN, DISTRIBUCIÓN, ETC.
Lugar de publicación, distribución, etc. [Madrid :
Nombre del editor, distribuidor, etc. Casa Americana,
Fecha de publicación, distribución, etc. 1962]
300 ## - DESCRIPCIÓN FÍSICA
Extensión 26 p. ;
Dimensiones 16 cm.
852 ## - LOCALIZACIÓN
Ubicación ES-MaACL
Número de control de estantería 2024-F-10
Sublocalización o colección R.50304
Holdings
Estatus retirado Estado de pérdida Estado de daño No para préstamo Colección Biblioteca de origen Biblioteca actual Ubicación en estantería Fecha de adquisición Fuente de adquisición Total de préstamos Signatura topográfica completa Código de barras Visto por última vez Precio de reemplazo Tipo de ítem Koha
        Colección de folletos Biblioteca del Ateneo de Madrid Biblioteca del Ateneo de Madrid Depósito folletos 17/01/2008     2024-F-10 1089892 23/02/2023 23/02/2023 Folleto